In defense of plants : (Record no. 20794)

000 -LEADER
fixed length control field 01097cam a2200169 i 4500
020 ## - INTERNATIONAL STANDARD BOOK NUMBER
ISBN 164250453X
020 ## - INTERNATIONAL STANDARD BOOK NUMBER
ISBN 9781642504538
040 ## - CATALOGING SOURCE
Transcribing agency YDX
082 04 - DEWEY DECIMAL CLASSIFICATION NUMBER
Classification number 580 IND 2021 A006 Or.
100 1# - MAIN ENTRY--AUTHOR NAME
Personal name Candeias, Matt,
245 10 - TITLE STATEMENT
Title In defense of plants :
Remainder of title an exploration into the wonder of plants /
300 ## - PHYSICAL DESCRIPTION
Number of Pages 279 pages :
Other physical details illustrations ;
Dimensions 19 cm
520 ## - SUMMARY, ETC.
Summary, etc In his debut book, internationally recognized blogger and podcaster Matt Candeias explores the curious nature of plants, revealing surprising and humorous things about their ruthless, horny, or simply cunning behavior. Using gardening, propagating houseplants, and other examples around you, In Defense of Plants will open your eyes to their hidden world. You will never see plants a just d©♭cor again! In this easily accessible introduction to the world of plants you'll find: fantastic botanical histories, evolution, and plant symbolism; tales of fascinating botanical discoveries; curious facts on how ecosystems work together, how plants have sex, and more!--COVER
650 #0 - SUBJECT ADDED ENTRY--TOPICAL TERM
Topical Term Plants.
650 #0 - SUBJECT ADDED ENTRY--TOPICAL TERM
Topical Term Plants
942 ## - ADDED ENTRY ELEMENTS (KOHA)
Koha item type ADB
952 ## - LOCATION AND ITEM INFORMATION (KOHA)
Withdrawn status [LOCAL, KOHA] 0
952 ## - LOCATION AND ITEM INFORMATION (KOHA)
Withdrawn status [LOCAL, KOHA] 0
Holdings
Permanent Location Date acquired Koha item type Lost status Shelving location Barcode Current Location Full call number
Library Block A2022-12-01ADB A028a069699Library Block A580 IND 2021 A028 Or.
Library Block A2022-12-01ADB A028a069715Library Block A580 IND 2021 A028 Or.
មជ្ឈមណ្ឌលឯការនៃសាកលវិទ្យាល័យភូមិន្ទកសិកម្មចំការដូង

Powered by Koha